000
00251nam a22001217a 4500
082
_a
080
_b
MAT/T
100
_a
MATHUR, DINESH
245
_a
GROUP DISCUSSIONS
260
_a
DELHI
_b
BOOKHIVE
300
_a
234
650
_a
EDUCATIONAL
_z
INDIA
942
_c
BK
999
_c
5431
_d
5431